Texas counties - sudden death - Statistics

General Stats
  • This quiz has been taken 34 times
  • The average score is 15 of 25
Answers on the Grid
Answers color-coded by a green-red scale on the quiz's grid according to % correct below.
Andrew
Angelina
Austin
Bailey
Barbara
Clay
Collin
Devin
Floyd
Gregg
Hamilton
Harriet
Howard
Hunt
Jack
Joseph
Kane
Kent
Lamar
Lane
Leigh
Leon
Lynn
Madison
Marion
Martin
Nicholas
Nolan
Oliver
Parker
Phillip
Reagan
Robert
Russell
Shelby
Sherman
Stephen
Terry
Victoria
William
 
Answer Stats
Answer % Correct
Austin
78%
Angelina
74%
Collin
74%
Hunt
74%
Lamar
74%
Bailey
65%
Hamilton
65%
Jack
65%
Leon
65%
Marion
65%
Clay
61%
Madison
61%
Parker
61%
Gregg
57%
Lynn
57%
Floyd
52%
Nolan
52%
Reagan
52%
Shelby
52%
Sherman
52%
Victoria
52%
Howard
48%
Kent
48%
Martin
48%
Terry
35%
No matching quizzes found
Score Distribution
Percent of People with Each Score
Percentile by Number Answered
Your Score History
You have not taken this quiz